Adjustment and beyond : the reform experience in South Asia : proceedings of the IEA conference held in Dhaka, Bangladesh /

Podrobná bibliografie
Korporativní autor: International Economic Association
Další autoři: Mahmud, Wahiduddin
Médium: Kniha
Jazyk:English
Edice:I.E.A. conference volume ; no. 128.
Témata:
Classic Catalogue: View this record in Classic Catalogue
LEADER 01806nam a22003614a 4500
001 0017319
003 BD-DhAAL
005 20250408103903.0
008 240604t2001 nyua b 101 0 eng
010 |a  99086152  
020 |a 0312233302 (cloth) 
040 |a DLC  |c DLC  |d DLC  |d BD-DhAAL 
042 |a pcc 
043 |a az----- 
050 0 0 |a HC430.6  |b .A65 2001 
082 0 0 |a 338.954  |2 21 
245 0 0 |a Adjustment and beyond :  |b the reform experience in South Asia : proceedings of the IEA conference held in Dhaka, Bangladesh /  |c edited by Wahiduddin Mahmud. 
264 |a New York :  |b St. Martin's Press,  |c c2001. 
300 |a xxi, 343 pages :  |b ill. ;  |c 23 cm 
490 1 |a IEA conference volume ;  |v no. 128 
500 |a "This book comprises papers presented at the Conference on 'Adjustment and beyond: the reform experience in South Asia' held in Dhaka, Bangladesh, between 30 March and 1 April 1998"--Pref. 
500 |a "In association with International Economic Association". 
504 |a Includes bibliographical references and index. 
526 |a PPDM  |x Mr. Mohammad Aminur Rahman Research Assistant 
541 |a Ahsania Mission Book Distribution House  |e 17319 
650 0 |a Structural adjustment (Economic policy)  |z South Asia  |v Congresses.  |9 56501 
651 0 |a South Asia  |x Economic policy  |v Congresses.  |9 56502 
700 1 |a Mahmud, Wahiduddin. 
710 2 |a International Economic Association.  |9 14097 
830 0 |a I.E.A. conference volume ;  |v no. 128.  |9 56503 
942 |2 ddc  |c BK 
999 |c 46703  |d 46703 
952 |0 0  |1 0  |2 ddc  |4 0  |6 338_954000000000000_ADJ  |7 0  |9 75610  |a BRACUL  |b BRACUL  |c GEN  |d 2024-06-04  |e Ahsania Mission Book Distribution House  |g 7728.00  |l 1  |m 10  |o 338.954 ADJ  |p 3010017319  |r 2026-01-06  |s 2025-10-28  |t 1  |w 2024-06-04  |y BK  |x Requisitioned by Mr. Mohammad Aminur Rahman (Research Assistant)